000 01698cam a2200349 a 4500
999 _c234660
_d234660
001 13914270
003 Nust
005 20170329115726.0
008 050329s2006 nyu 000 1 eng
010 _a 2005045491
020 _a9780440242079
035 _a(OCoLC)ocm58919953
040 _aDLC
_cDLC
_dIG#
_dBAKER
_dHHO
_dOCO
_dJZ6
_dVP@
_dNSB
_dUWC
_dIXA
_dDLC
043 _an-us-ny
050 0 0 _aPS3569.T33828
_bC66 2006
082 0 0 _a813.54
_bSTE
100 1 _aSteel, Danielle.
245 1 0 _aComing out /
_cDanielle Steel.
260 _aNew York :
_bDelacorte Press,
_c2006.
300 _a191 p. ;
_c22 cm.
520 _aWhen Olympia Rubinstein's twin daughters are invited to a debutante ball, chaos erupts. One twin and Olympia's ex-husband are anxious to go, while the other twin and Olympia's current husband refuse to go.
650 0 _aTwins
_vFiction.
650 0 _aDebutante balls
_zNew York (State)
_zNew York
_vFiction.
650 0 _aComing out (Sexual orientation)
_vFiction.
655 0 _aDomestic fiction.
856 4 2 _3Contributor biographical information
_uhttp://www.loc.gov/catdir/enhancements/fy0633/2005045491-b.html
856 4 2 _3Publisher description
_uhttp://www.loc.gov/catdir/enhancements/fy0633/2005045491-d.html
856 4 1 _3Sample text
_uhttp://www.loc.gov/catdir/enhancements/fy0668/2005045491-s.html
906 _a7
_bcbc
_corignew
_d1
_eocip
_f20
_gy-gencatlg
942 _2ddc
_cBK